| 000 | 00494nam a2200157Ia 4500 | ||
|---|---|---|---|
| 001 | 3893 | ||
| 008 | 241024s9999 xx 000 0 und d | ||
| 020 | _a978-84-7666-666-1 | ||
| 082 | _a370.1/OE28m/2013 | ||
| 100 | _aOrganización de Estados Iberamericanos OEI | ||
| 245 | 0 | _a2013 Miradas sobre la educación en Iberoamérica. Desarrollo profesional docente y mejora de la educación | |
| 260 |
_bMadrid, España _c2013 |
||
| 590 | _asi | ||
| 901 | _a28/1/2015 10:49:16 a.m. | ||
| 999 |
_c11093 _d11093 |
||